Acteurs de la série Le Flambeau par images - Statistiques

Statistiques générales
  • Ce quiz a été pris 533 fois
  • Le résultat moyen est 10 sur 18
Statistiques - réponses
Par images Hint Réponse % Correct
Marc Jonathan Cohen
98%
Tony Tonic (Abdel) Ramzy Bedia
95%
Dr Bruno Juiphe Pierre Niney
93%
William Yvick Letexier (Mister V)
90%
Patrice Kad Merad
86%
Soraya Adèle Exarchopoulos
84%
Présentateur Jérôme Commandeur
82%
Philippe Machette Gérard Darmon
80%
Annick Laura Felpin
74%
Marina Géraldine Nakache
72%
Alexandra Leïla Bekhti
71%
Anne Ana Girardot
37%
Chataléré Camille Chamoux
32%
Hervé Jonathan Lambert
23%
Soisson (Soso) Sébastien Chassagne
10%
Carole Natacha Lindinger
9%
Yvan Boutboul Thomas Scimeca
5%
Jean-Guy Jacky Ido
3%
Aucun quiz correspondant
Distribution des résultats
% des personnes avec chaque résultat
Percentile par nombre de réponses
Votre historique - résultats
Vous n’avez pas pris ce quiz